Captain America movies quiz - Statistics

General Stats
  • This quiz has been taken 213 times
  • The average score is 19 of 55
Answer Stats
Hint Answer % Correct
Later alter ego of above Captain America
97%
Main characters name Steve Rogers
93%
Actor who plays above Chris Evans
92%
Which friend of Cap's eventually dies in the film Peggy
81%
Sergeant in the US army Bucky Barnes
75%
Father of Tony Stark Howard Stark
73%
Alter ego of above Red Skull
72%
Later alter ego of above Winter Soldier
71%
First Avenger Year the film is set 1941
67%
Actor who plays above Sebastian Stan
67%
Love interest of the main character Peggy Carter
62%
Alter ego of the spy Black Widow
58%
Which organisation has been secretley running S.H.I.E.L.D? Hydra
54%
Alter ego of above Falcon
51%
The Winter Soldier Spy for S.H.I.E.L.D Natasha Romanoff
44%
S.H.I.E.L.D agent assigned to guard Captain America without his knowledge Sharon Carter
44%
Actor who plays above Hayley Atwell
43%
Former pararescueman Sam Wilson
42%
Actor of above Anthony Mackie
39%
What is this organisation most iconic for saying? Hail Hydra
39%
Actor who plays above Tommy Lee Jones
39%
Actor who plays above Scarlett Johansson
35%
Who has a cameo as a general? Stan Lee
34%
Alter ego of above Agent 13
33%
Biochemist for the Nazi Party Arnim Zola
33%
Supercomputer and ex villain of Captain America Arnim Zola
33%
Actor who plays above Dominic Cooper
31%
Actor who plays above Hugo Weaving
31%
High ranking agent of S.H.I.E.L.D Maria Hill
30%
Nazi head of advanced weaponary Johann Schmidt
26%
The Brainwashed assassin The Winter Soldier
23%
Actor who plays above Stanley Tucci
22%
Member of the howling commandos with a significant bowler hat Dum Dum Dugan
21%
Commander of the S.T.R.I.K.E team Brock Rumlow
20%
Scientist who created the super soldier serum Abraham Erskine
19%
Actor who plays above Emily VanCamp
19%
Actor who plays above Toby Jones
19%
Actor of above Cobie Smulders
16%
Actor of above Frank Grillo
15%
Colonel in the US army who heads the Supersoldier project Chester Phillips
11%
Japenese-American member of the Howling Commandos Jim Morita
10%
Another member of the howling commando's Gabe Jones
8%
French member of the Howling Commandos Jacques Dernier
8%
Actor who plays above Neal McDonough
8%
Alter ego of above Batroc the Leaper
7%
Played by Kenneth Choi
7%
Actor who plays above Bruno Ricci
6%
Actor who plays above Derek Luke
6%
British member of the Howling Commandos James Falsworth
6%
Mercenary and master of a French style of kickboxing Georges Batroc
5%
Actor of above Georges St-Pierre
5%
Top Assassin for the German's Heinz Kruger
4%
Actor who plays above Richard Armitage
4%
What was unique about the suit above used? It had wings
3%
Actor who plays above JJ Field
3%
No matching quizzes found
Score Distribution
Percent of People with Each Score
Percentile by Number Answered
Your Score History
You have not taken this quiz